[Event "AUTO-OPEN-3553"]
[Site "http://www.queenalice.com/game.php?id=1387777"]
[Date "2015.10.7"]
[Round "1"]
[White "rpalmero"]
[Black "JVD"]
[Result "1-0"]
[WhiteElo "2003"]
[BlackElo "1730"]

1. c4 c5 2. Nc3 d6 3. e3 Nf6 4. Qc2 g6 5. Nf3 Bg7 6. d4 cxd4 7. exd4 O-O 8. h3
Nbd7 9. Bd3 Ne8 10. Rb1 Qb6 11. O-O Bxd4 12. Nxd4 Qxd4 13. Be3 Qf6 14. Bh6 Ng7
15. Nd5 Qh4 16. Qd2 e6 17. Bg5 Qd4 18. Be3 Qh4 19. Bg5 Qd4 20. Ne7+ Kh8 21. b4
f6 22. Be3 1-0

[Event "AUTO-OPEN-3553"]
[Site "http://www.queenalice.com/game.php?id=1387778"]
[Date "2015.10.7"]
[Round "1"]
[White "JVD"]
[Black "rpalmero"]
[Result "0-1"]
[WhiteElo "1725"]
[BlackElo "2008"]

1. d4 Nf6 2. c4 e6 3. Bg5 h6 4. Bxf6 Qxf6 5. Nf3 c5 6. e3 cxd4 7. Nxd4 Nc6 8.
Nc3 a6 9. g3 Bc5 10. Nxc6 bxc6 11. Bg2 Bb7 12. O-O d5 13. cxd5 cxd5 14. a3 O-O
15. Qc1 Rfc8 16. Qd2 Rab8 17. b4 Bxb4 18. axb4 Rxc3 19. Qb2 d4 20. exd4 Qxd4 21.
Rac1 Rd3 22. Qxd4 Rxd4 23. Bxb7 Rxb7 0-1

[Event "AUTO-OPEN-3553"]
[Site "http://www.queenalice.com/game.php?id=1387803"]
[Date "2015.10.7"]
[Round "1"]
[White "helly"]
[Black "JVD"]
[Result "1-0"]
[WhiteElo "2254"]
[BlackElo "1669"]

1. e4 c5 2. Nf3 d6 3. d4 cxd4 4. Nxd4 a6 5. c4 Nf6 6. Nc3 g6 7. Be2 Bg7 8. Be3
O-O 9. O-O Nc6 10. Nb3 Be6 11. Nd4 Rc8 12. Nxe6 fxe6 13. Rc1 Ne5 14. b3 Rc6 15.
f4 Ned7 16. Bf3 Rc7 17. Qe2 Nc5 18. Rfd1 1-0

[Event "AUTO-OPEN-3553"]
[Site "http://www.queenalice.com/game.php?id=1387804"]
[Date "2015.10.7"]
[Round "1"]
[White "JVD"]
[Black "helly"]
[Result "0-1"]
[WhiteElo "1671"]
[BlackElo "2253"]

1. d4 d5 2. c4 e6 3. cxd5 exd5 4. Nf3 Nc6 5. a3 Nf6 6. Bg5 Be7 7. g3 O-O 8. Bg2
h6 9. Bxf6 Bxf6 10. e3 Bg4 11. O-O Re8 12. b4 Qd7 13. Qc2 Rac8 14. Nc3 a6 15.
Qb3 Rcd8 16. Nd2 Be6 17. Rac1 Ne7 18. Ne2 c6 0-1

[Event "AUTO-OPEN-3553"]
[Site "http://www.queenalice.com/game.php?id=1387819"]
[Date "2015.10.7"]
[Round "1"]
[White "novoselic"]
[Black "JVD"]
[Result "1-0"]
[WhiteElo "2050"]
[BlackElo "1517"]

1. d4 d5 2. c4 dxc4 3. e3 e6 4. Bxc4 Nf6 5. Nf3 g6 6. O-O Bg7 7. Nc3 O-O 8. a4
b6 9. Ne5 Bb7 10. f3 Nc6 11. Nxc6 Bxc6 12. e4 1-0

[Event "AUTO-OPEN-3553"]
[Site "http://www.queenalice.com/game.php?id=1387820"]
[Date "2015.10.7"]
[Round "1"]
[White "JVD"]
[Black "novoselic"]
[Result "0-1"]
[WhiteElo "1571"]
[BlackElo "2062"]

1. d4 Nf6 2. c4 e6 3. Bg5 Be7 4. Nf3 d5 5. c5 O-O 6. g3 b6 7. cxb6 axb6 8. a3
Ba6 9. Bg2 Nbd7 10. O-O Ne4 11. Bxe7 Qxe7 12. Re1 Ndf6 0-1

[Event "AUTO-ADV-3509"]
[Site "http://www.queenalice.com/game.php?id=1388025"]
[Date "2015.10.8"]
[Round "1"]
[White "Frpo055"]
[Black "JVD"]
[Result "1-0"]
[WhiteElo "1860"]
[BlackElo "1426"]

1. e4 c5 2. Nf3 d6 3. c3 Nf6 4. d3 g6 5. Be3 Bg7 6. Be2 O-O 7. O-O Nc6 8. h3 a6
9. Nbd2 b5 10. d4 c4 11. d5 Na5 12. Qc2 Nb7 13. Nd4 Qc7 14. N2f3 Bd7 15. Bg5
Rfe8 16. Nh2 Nc5 17. Bf3 e6 18. Nc6 e5 19. Bxf6 Bxf6 20. Ng4 Bg7 21. Ne3 Bxc6
22. dxc6 Qxc6 23. Nd5 Nd3 24. g3 Rac8 25. Be2 Nc5 26. Rad1 Rcd8 27. f3 1-0

[Event "AUTO-ADV-3509"]
[Site "http://www.queenalice.com/game.php?id=1388026"]
[Date "2015.10.8"]
[Round "1"]
[White "JVD"]
[Black "Frpo055"]
[Result "0-1"]
[WhiteElo "1428"]
[BlackElo "1858"]

1. d4 Nf6 2. c4 g6 3. Nf3 Bg7 4. g3 O-O 5. Bg2 c6 6. O-O d5 7. cxd5 cxd5 8. a3
Nc6 9. e3 Bg4 10. Qb3 Qc7 11. Bd2 Ne4 12. Bc3 e6 13. Qc2 Rac8 14. Nfd2 Nxd2 15.
Nxd2 Be2 16. Rfe1 Ba6 17. Bf1 Bxf1 18. Rxf1 Na5 19. Qd1 Nc4 20. Nxc4 dxc4 21.
Rb1 a6 22. Qd2 b5 23. Rbd1 Rfd8 24. Qc2 Bf8 25. Rd2 a5 26. b4 axb4 0-1

[Event "AUTO-ADV-3509"]
[Site "http://www.queenalice.com/game.php?id=1388041"]
[Date "2015.10.8"]
[Round "1"]
[White "APSHOOTER"]
[Black "JVD"]
[Result "1-0"]
[WhiteElo "1720"]
[BlackElo "1791"]

1. e4 c5 2. Nc3 d6 3. Bb5+ Bd7 4. Nf3 a6 5. Bc4 Nf6 6. d3 g6 7. Ng5 e6 8. Qe2
Bg7 9. Be3 O-O 10. O-O-O b5 11. Bb3 Nc6 12. a3 b4 13. axb4 Nxb4 14. Kd2 Bh6 15.
h4 Ne8 16. g4 Qe7 17. f4 Bxg5 18. hxg5 f6 19. f5 fxg5 20. Rh2 Kg7 21. Bxe6 Bxe6
22. fxe6 Qxe6 23. Rdh1 Rh8 24. Nd5 1-0

[Event "AUTO-ADV-3509"]
[Site "http://www.queenalice.com/game.php?id=1388042"]
[Date "2015.10.8"]
[Round "1"]
[White "JVD"]
[Black "APSHOOTER"]
[Result "0-1"]
[WhiteElo "1772"]
[BlackElo "1739"]

1. d4 g6 2. c4 Bg7 3. Nf3 b6 4. g3 Bb7 5. Bg2 Nf6 6. O-O O-O 7. e3 d6 8. b3 Nbd7
9. Bb2 Ne4 10. Nbd2 c5 11. Nxe4 Bxe4 12. d5 Bxb2 13. Nd2 Bxg2 14. Kxg2 Bxa1 15.
Qxa1 Ne5 16. f4 Ng4 17. Re1 a6 18. e4 Qd7 19. h3 Nf6 20. e5 Nh5 21. Nf3 Rae8 22.
Ng5 Ng7 23. e6 fxe6 0-1

[Event "AUTO-ADV-3509"]
[Site "http://www.queenalice.com/game.php?id=1388053"]
[Date "2015.10.8"]
[Round "1"]
[White "JVD"]
[Black "txukahamae"]
[Result "0-1"]
[WhiteElo "1596"]
[BlackElo "1801"]

1. d4 Nf6 2. c4 e6 3. Bg5 d5 4. cxd5 exd5 5. Nf3 Be7 6. g3 Bf5 7. Nc3 Nbd7 8.
Bg2 c6 9. O-O O-O 10. e3 h6 11. Bxf6 Nxf6 0-1

[Event "AUTO-ADV-3509"]
[Site "http://www.queenalice.com/game.php?id=1388054"]
[Date "2015.10.8"]
[Round "1"]
[White "txukahamae"]
[Black "JVD"]
[Result "1-0"]
[WhiteElo "1809"]
[BlackElo "1588"]

1. d4 d5 2. c4 dxc4 3. Nf3 e6 4. e3 b5 5. a4 c6 6. axb5 cxb5 7. b3 a6 8. bxc4
bxc4 9. Bxc4 Bb4+ 10. Bd2 Bxd2+ 11. Nbxd2 Nf6 12. O-O 1-0

[Event "AUTO-OPEN-3554"]
[Site "http://www.queenalice.com/game.php?id=1388083"]
[Date "2015.10.8"]
[Round "1"]
[White "GiulioTorino"]
[Black "JVD"]
[Result "1-0"]
[WhiteElo "1917"]
[BlackElo "1667"]

1. d4 d5 2. c4 dxc4 3. Nc3 e6 4. Nf3 a6 5. g3 c6 6. Bf4 Bd7 7. e3 b5 8. b3 cxb3
9. axb3 c5 10. Bg2 Nc6 11. Ne5 Nf6 12. Nxc6 Qb6 13. Ne5 Rd8 14. Qf3 cxd4 15.
Nxd7 Rxd7 16. Qa8+ Rd8 17. Qxa6 Qxa6 18. Rxa6 dxc3 19. Bc6+ Nd7 20. Bxb5 Bb4 21.
O-O O-O 22. Bd6 Bxd6 23. Rxd6 Nb8 24. Rxd8 1-0

[Event "AUTO-OPEN-3554"]
[Site "http://www.queenalice.com/game.php?id=1388084"]
[Date "2015.10.8"]
[Round "1"]
[White "JVD"]
[Black "GiulioTorino"]
[Result "0-1"]
[WhiteElo "1661"]
[BlackElo "1923"]

1. d4 Nf6 2. c4 b6 3. Nf3 d5 4. cxd5 Bb7 5. g3 Bxd5 6. Bg2 e6 7. O-O c5 8. dxc5
Bxc5 9. e3 Nc6 10. a3 a5 11. Bd2 Ra7 12. Bc3 O-O 13. Nbd2 Rd7 14. Qc1 Ne4 15.
Nxe4 Bxe4 16. Nd2 Bxg2 17. Kxg2 f5 18. Nf3 h6 19. Rd1 Rxd1 20. Qxd1 Qa8 21. Kg1
Ne7 22. Qe2 Nd5 23. Rc1 Nxc3 0-1

[Event "AUTO-OPEN-3554"]
[Site "http://www.queenalice.com/game.php?id=1388109"]
[Date "2015.10.8"]
[Round "1"]
[White "JVD"]
[Black "Andrez"]
[Result "0-1"]
[WhiteElo "1511"]
[BlackElo "1996"]

1. d4 f5 2. c4 Nf6 3. Nf3 e6 4. Bg5 Be7 5. g3 b6 6. Bg2 Bb7 7. O-O O-O 8. e3 a5
9. b3 h6 10. Bxf6 Bxf6 11. Nc3 Na6 12. Nb5 c5 13. Rc1 g5 14. Nd2 Bxg2 15. Kxg2
Nc7 0-1

[Event "AUTO-OPEN-3554"]
[Site "http://www.queenalice.com/game.php?id=1388110"]
[Date "2015.10.8"]
[Round "1"]
[White "Andrez"]
[Black "JVD"]
[Result "1-0"]
[WhiteElo "1998"]
[BlackElo "1509"]

1. g4 c5 2. Bg2 d5 3. g5 e6 4. d3 Be7 5. h4 Bd6 6. f4 Qc7 7. e3 Ne7 8. Nc3 Bd7
9. Nf3 O-O 10. h5 Nbc6 11. Nb5 Qb8 12. Nxd6 Qxd6 13. a3 b6 14. Bd2 Rac8 15. Qe2
1-0